Farabi'de kamu hukuku ve siyaset bilimi / (Kayıt no. 9686)

MARC ayrıntıları
000 -BAŞLIK
Sabit Uzunluktaki Kontrol Alanı 00537nam a22001937a 4500
003 - KONTROL NUMARASI KİMLİĞİ
Kontrol Alanı KOHA_MİRAKIL
005 - EN SON İŞLEM TARİHİ ve ZAMANI
Kontrol Alanı 20251202061938.0
008 - SABİT UZUNLUKTAKİ VERİ ÖGELERİ - GENEL BİLGİ
Sabit Alan 251202b tu ||||| |||| 00| 0 tur d
020 ## - ISBN - ULUSLARARASI STANDART KİTAP NUMARASI
Isbn 9786052640579
040 ## - KATALOGLAMA KAYNAĞI
Özgün Kataloglama Kurumu TR-AnABB
Kataloglama Dili tur
Çeviri Kurumu TR-AnABB
041 ## - DİL KODU
Metin ya da ses kaydının dil kodu tur
082 ## - DEWEY ONU SINIFLAMA SİSTEMİ
Sınıflama Numarası 320.01
Cutter numarası ERG 2022
100 1# - KİŞİ ADI
Yazar Adı (Kişi adı) Ergül, Ergin,
245 10 - ESER ADI BİLDİRİMİ
Başlık Farabi'de kamu hukuku ve siyaset bilimi /
Sorumluluk Bildirimi Ergin Ergül
260 ## - YAYIN, DAĞITIM, VB.
Yayın Yeri Ankara :
Yayınevi Adalet Yayınevi,
Yayın Tarihi 2022
300 ## - FİZİKSEL TANIMLAMA
Sayfa, Cilt vb. 444 sayfa ;
Boyutları 20 cm
650 04 - KONU BAŞLIĞI EK GİRİŞ - KONU TERİMİ
Konusal terim veya coğrafi ad Kamu hukuku
942 ## - EK GİRİŞ ÖGELERİ (KOHA)
Sınıflama Kaynağı Dewey Decimal Classification
Materyal Türü Kitap
900 ## - YEREL BİLGİ
Kontrol Gizem YORULMAZ
Mevcut
Geri Çekilme Durumu Kayıp Durumu Sınıflandırma Kaynağı Kredi için değil Kalıcı Konum Mevcut Konum Kayıt Tarih Toplam Ödünçverme Yer Numarası Demirbaş Numarası Son Görülme Tarihi Fatura Tarihi Materyal Türü
    Dewey Decimal Classification   Büyükşehir Genç Akademi Batıkent Büyükşehir Genç Akademi Batıkent 02/12/2025   320.01 ERG 2022 ABB125897 02/12/2025 02/12/2025 Kitap